000 00287nam a22001337a 4500
008 180223b xxu||||| |||| 00| 0 eng d
020 _a9780194341561
041 _aeng
080 _a371
100 _a25
101 _aEDU
245 _aBig Birds Yellow Book
_cOxford
942 _2udc
_cBK
999 _c43318
_d43318